000 01033nam2a2200253 4500
001 RU\NLR\ONL2\25880
005 20250613224404.0
010 _a978-57608-0720-5
035 _a(NLR Aleph) 010212835
090 _a10281758
_c10281758
100 _a20130412d2012 |||y0rusy50 ca
101 0 _aady
102 _aRU
105 _ay |||||||||
200 1 _aУсэхэр, поэмэхэр
210 _d2012
_aБ. м.
215 _a702 с.
461 0 _1001RU\NLR\ONL2\24595
_12001#$aЗэхэугъоегъэ тхыгъэу томий хъурэ тхылъхэр$fКъуекъо Налбый$vТ. 6
_1700#1$aКъуекъо$bН.$gНалбый$4070
_910276487
_aКъуекъо, Н.
_cМыекъуапэ
_d2012-
_fКъуекъо Налбый
_nАдыгэ Респ. итхылъ тедзапI
_tЗэхэугъоегъэ тхыгъэу томий хъурэ тхылъхэр
_y978-5-7608-0667-3
_vТ. 6
801 0 _aRU
_bNLR
_c20130412
_gPSBO
852 _aNLR
_bОНЛ
_jАдыг./3-1378
942 _cBOOK
980 _aNB
980 _aONL_RF